| 000 | 01171cam a22003493a 4500 | ||
|---|---|---|---|
| 001 | 2379 | ||
| 003 | FISKH | ||
| 005 | 20231121140201.0 | ||
| 008 | 050329s2004 nyuab j 000 f eng d | ||
| 010 | _a 2005273696 | ||
| 020 | _a0439607345 | ||
| 020 | _a078073004997 | ||
| 035 | _a(OCoLC)ocm56116865 | ||
| 040 |
_aIF9 _cIF9 _dVP@ _dDLC _beng |
||
| 050 | 0 | 0 | _aMLCM 2006/43320 |
| 082 | _a813.6 | ||
| 100 | 1 | _aFarshtey, Greg | |
| 245 | 1 | 0 |
_aBionicle adventure : _bLegends of metru nui / _cby Greg Farshtey |
| 250 | _aFirst printing, September 2004 | ||
| 260 |
_aNew York : _bScholastic, _c2003 |
||
| 300 |
_a133 pages : _bcolor illustrations ; _c20 cm |
||
| 505 | _aL | ||
| 520 | _aAfter their defeat of the Morbuzakh and the shape-shifting Krahka, the Toa Netru expect to be hailed as heroes. | ||
| 521 |
_a520
_bLexile |
||
| 521 |
_aL
_bRaz-Plus |
||
| 650 | 0 |
_aMata Nui (Imaginary place) _vJuvenile fiction. |
|
| 650 | 0 |
_aAction figures (Toys) _vJuvenile fiction. |
|
| 650 | 0 |
_aLEGO toys _vJuvenile fiction. |
|
| 655 | 7 |
_aScience fiction _vJuvenile fiction. _2gsafd |
|
| 906 |
_a7 _bcbc _ccopycat _d2 _encip _f20 _gy-gencatlg |
||
| 942 |
_2ddc _cBK _n0 |
||
| 999 |
_c2379 _d2379 |
||